[Event "2nd Kalyan Dombivali 2019"]
[Site "Kalyan"]
[Date "2019.02.02"]
[Round "9"]
[White "Vedant Nitin vekhande"]
[Black "Mayekar Ayush"]
[Result "1-0"]
[WhiteElo "1564"]
[BlackElo "1389"]
[Annotator "NA RC"]
[PlyCount "99"]
[EventDate "2019.01.28"]
[EventType "swiss"]
[EventRounds "10"]
[EventCountry "IND"]
[SourceTitle "playchess.com"]
[Source "ChessBase"]
[SourceQuality "1"]
[TimeControl "5400+30"]

1. e4 {[%emt 0:00:00]} e5 {[%emt 0:00:00]} 2. Nf3 {[%emt 0:00:00]} Nc6 {[%emt 0:00:20]} 3. Bb5 {[%emt 0:00:00]} a6 {[%emt 0:00:17]} 4. Bxc6 {[%emt 0:01:06]} dxc6 {[%emt 0:00:28]} 5. d4 {[%emt 0:00:06]} exd4 {[%emt 0:01:56]} 6. Qxd4 {[%emt 0:00:30]} Qxd4 {[%emt 0:00:40]} 7. Nxd4 {[%emt 0:00:09]} c5 {[%emt 0:01:26]} 8. Ne2 {[%emt 0:00:12]} Be6 {[%emt 0:06:28]} 9. Nbc3 {[%emt 0:00:18]} O-O-O {[%emt 0:06:26]} 10. Be3 {[%emt 0:00:30]} Nf6 {[%emt 0:01:18]} 11. f3 {[%emt 0:00:13]} b6 {[%emt 0:02:39]} 12. Rd1 {[%emt 0:00:21]} Rxd1+ {[%emt 0:06:34]} 13. Kxd1 {[%emt 0:01:25]} g6 {[%emt 0:07:24]} 14. Nf4 {[%emt 0:02:07]} Bh6 {[%emt 0:12:56]} 15. Ke2 {[%emt 0:00:31]} Bxf4 {[%emt 0:13:24]} 16. Bxf4 {[%emt 0:00:12]} Re8 {[%emt 0:09:11]} 17. Rd1 {[%emt 0:00:23]} Nh5 {[%emt 0:02:44]} 18. Be3 {[%emt 0:00:43]} f5 {[%emt 0:02:20]} 19. a3 {[%emt 0:03:22]} fxe4 {[%emt 0:02:50]} 20. Nxe4 {[%emt 0:02:08]} Bf5 {[%emt 0:01:44]} 21. Ng5 {[%emt 0:05:47]} Nf4+ {[%emt 0:02:20]} 22. Kf2 {[%emt 0:00:19]} Nxg2 {[%emt 0:03:20]} 23. Bc1 {[%emt 0:01:51]} Nh4 {[%emt 0:01:46]} 24. c3 {[%emt 0:00:31]} h6 {[%emt 0:03:30]} 25. Nf7 {[%emt 0:01:01]} Bc2 {[%emt 0:06:08]} 26. Rd2 {[%emt 0:00:25]} Rf8 {[%emt 0:01:03]} 27. Ne5 {[%emt 0:01:29]} Be4 {[%emt 0:03:25]} 28. Kg3 {[%emt 0:00:23]} Nf5+ {[%emt 0:00:03]} 29. Kh3 {[%emt 0:00:27]} Bb7 {[%emt 0:00:53]} 30. Nxg6 {[%emt 0:00:35]} Rf6 {[%emt 0:00:17]} 31. Ne5 {[%emt 0:00:47]} Nd6 {[%emt 0:00:30]} 32. Kg3 {[%emt 0:00:30]} Nf7 {[%emt 0:01:04]} 33. f4 {[%emt 0:00:09]} Nxe5 34. fxe5 {[%emt 0:00:06]} Re6 {[%emt 0:00:56]} 35. Re2 {[%emt 0:00:59]} Kd7 {[%emt 0:00:33]} 36. Bf4 {[%emt 0:00:17]} Ke7 {[%emt 0:00:26]} 37. Kf2 {[%emt 0:00:20]} Kf7 {[%emt 0:00:26]} 38. Rd2 {[%emt 0:00:08]} Bc6 {[%emt 0:00:24]} 39. Rd8 {[%emt 0:00:11]} Kg6 {[%emt 0:00:40]} 40. Ke3 {[%emt 0:01:29]} h5 {[%emt 0:00:21]} 41. Rh8 {[%emt 0:00:13]} Bd5 {[%emt 0:00:45]} 42. Rh6+ {[%emt 0:00:11]} Kg7 {[%emt 0:00:31]} 43. Rxh5 {[%emt 0:00:08]} Re8 {[%emt 0:00:26]} 44. h4 {[%emt 0:00:40]} Be6 {[%emt 0:00:30]} 45. Ke4 {[%emt 0:00:38]} Bf7 {[%emt 0:00:35]} 46. Rg5+ {[%emt 0:00:19]} Kf8 {[%emt 0:00:13]} 47. h5 {[%emt 0:00:18]} Ke7 {[%emt 0:00:08]} 48. h6 {[%emt 0:01:20]} Rg8 {[%emt 0:00:24]} 49. h7 {[%emt 0:00:15]} Rxg5 {[%emt 0:01:08]} 50. Bxg5+ {[%emt 0:00:04]} 1-0

[Event "2nd Kalyan Dombivali 2019"]
[Site "Kalyan"]
[Date "2019.02.02"]
[Round "9"]
[White "Kshatriya Nitin Vekhande"]
[Black "Choudki Khushi"]
[Result "1-0"]
[WhiteElo "1544"]
[BlackElo "1383"]
[Annotator "NA"]
[PlyCount "131"]
[EventDate "2019.01.28"]
[EventType "swiss"]
[EventRounds "10"]
[EventCountry "IND"]
[SourceTitle "playchess.com"]
[Source "ChessBase"]
[SourceQuality "1"]
[TimeControl "5400+30"]

1. e4 {[%emt 0:00:00]} Nc6 {[%emt 0:00:00]} 2. d4 {[%emt 0:00:00]} e5 {[%emt 0:00:00]} 3. d5 {[%emt 0:00:00]} Nce7 {[%emt 0:00:00]} 4. c4 {[%emt 0:00:19]} Ng6 {[%emt 0:00:09]} 5. Nc3 {[%emt 0:00:15]} Bb4 6. Bd3 {[%emt 0:01:16]} Bxc3+ {[%emt 0:03:44]} 7. bxc3 {[%emt 0:00:31]} Nf6 {[%emt 0:00:18]} 8. Ne2 {[%emt 0:00:39]} O-O {[%emt 0:01:02]} 9. O-O {[%emt 0:00:46]} d6 {[%emt 0:00:11]} 10. h3 {[%emt 0:00:42]} Nh5 {[%emt 0:02:24]} 11. f4 {[%emt 0:02:56]} exf4 {[%emt 0:12:58]} 12. Nxf4 {[%emt 0:00:24]} Nhxf4 {[%emt 0:00:46]} 13. Bxf4 {[%emt 0:00:09]} Nxf4 {[%emt 0:01:06]} 14. Rxf4 {[%emt 0:00:08]} Qg5 {[%emt 0:01:35]} 15. Qf3 {[%emt 0:03:38]} f6 {[%emt 0:08:59]} 16. h4 {[%emt 0:00:46]} Qe5 {[%emt 0:01:28]} 17. Bc2 {[%emt 0:00:32]} Bd7 {[%emt 0:01:19]} 18. Rf1 {[%emt 0:01:20]} Rae8 {[%emt 0:12:28]} 19. g4 {[%emt 0:10:04]} Qe7 {[%emt 0:01:28]} 20. Kg2 {[%emt 0:04:19]} g5 {[%emt 0:03:18]} 21. Rxf6 {[%emt 0:00:27]} Rxf6 {[%emt 0:01:49]} 22. Qxf6 {[%emt 0:00:09]} Qxf6 {[%emt 0:00:56]} 23. Rxf6 {[%emt 0:00:57]} Bxg4 {[%emt 0:00:32]} 24. hxg5 {[%emt 0:00:36]} Be2 {[%emt 0:03:34]} 25. c5 {[%emt 0:00:14]} dxc5 {[%emt 0:00:59]} 26. Kf2 {[%emt 0:00:38]} Bc4 {[%emt 0:00:54]} 27. a3 {[%emt 0:00:27]} Re5 {[%emt 0:08:11]} 28. g6 {[%emt 0:00:18]} hxg6 {[%emt 0:08:03]} 29. Rxg6+ {[%emt 0:00:23]} Kf7 {[%emt 0:03:10]} 30. Rh6 {[%emt 0:00:20]} Kg7 {[%emt 0:00:09]} 31. Rh4 {[%emt 0:01:17]} b5 {[%emt 0:06:07]} 32. Kf3 {[%emt 0:01:11]} a5 {[%emt 0:04:41]} 33. Kf4 {[%emt 0:01:36]} Re7 {[%emt 0:01:28]} 34. Rg4+ {[%emt 0:00:30]} Kf7 {[%emt 0:01:49]} 35. Kf5 {[%emt 0:03:00]} b4 {[%emt 0:02:01]} 36. axb4 {[%emt 0:03:29]} cxb4 {[%emt 0:00:46]} 37. cxb4 {[%emt 0:00:08]} axb4 {[%emt 0:00:16]} 38. Rg3 {[%emt 0:00:07]} Re8 {[%emt 0:06:36]} 39. Rh3 {[%emt 0:01:14]} Rf8 {[%emt 0:01:19]} 40. Ke5 {[%emt 0:01:04]} Ke7 {[%emt 0:02:06]} 41. Kd4 {[%emt 0:02:50]} Rf2 {[%emt 0:00:58]} 42. Rh7+ {[%emt 0:01:05]} Kd8 {[%emt 0:00:11]} 43. Kxc4 {[%emt 0:03:03]} Rxc2+ {[%emt 0:00:14]} 44. Kxb4 {[%emt 0:00:10]} Re2 {[%emt 0:00:19]} 45. Rh4 {[%emt 0:00:13]} Kd7 {[%emt 0:00:24]} 46. Kc5 {[%emt 0:00:07]} Rc2+ {[%emt 0:00:14]} 47. Kd4 {[%emt 0:00:26]} Rg2 {[%emt 0:00:31]} 48. Rh7+ {[%emt 0:00:22]} Kd8 {[%emt 0:00:07]} 49. Ke5 {[%emt 0:01:00]} Rg6 {[%emt 0:00:39]} 50. Kf5 {[%emt 0:00:51]} Rd6 {[%emt 0:00:15]} 51. e5 {[%emt 0:00:37]} Rxd5 {[%emt 0:01:05]} 52. Kf6 {[%emt 0:00:45]} Kc8 {[%emt 0:00:52]} 53. e6 {[%emt 0:01:08]} Rd1 {[%emt 0:01:03]} 54. Rh8+ {[%emt 0:00:12]} Kb7 {[%emt 0:00:36]} 55. e7 {[%emt 0:00:06]} Rf1+ {[%emt 0:00:10]} 56. Kg5 {[%emt 0:00:11]} Rg1+ {[%emt 0:00:32]} 57. Kf4 {[%emt 0:00:06]} Rf1+ {[%emt 0:00:13]} 58. Kg3 {[%emt 0:00:05]} Re1 {[%emt 0:00:23]} 59. e8=Q Rxe8 {[%emt 0:00:05]} 60. Rxe8 {[%emt 0:00:12]} c5 {[%emt 0:00:11]} 61. Kf3 {[%emt 0:00:04]} Kb6 {[%emt 0:00:24]} 62. Ke3 {[%emt 0:00:09]} Kb5 {[%emt 0:00:10]} 63. Kd3 {[%emt 0:00:13]} c4+ {[%emt 0:00:12]} 64. Kc3 {[%emt 0:00:06]} Kc5 {[%emt 0:00:06]} 65. Rc8+ {[%emt 0:00:20]} Kd5 {[%emt 0:00:24]} 66. Rxc4 {[%emt 0:00:05]} 1-0

[Event "2nd Kalyan Dombivali 2019"]
[Site "Kalyan"]
[Date "2019.02.02"]
[Round "9"]
[White "Borase Manoj"]
[Black "Kelaskar, Chinmay"]
[Result "0-1"]
[WhiteElo "1539"]
[BlackElo "1764"]
[Annotator "NA RC"]
[PlyCount "156"]
[EventDate "2019.01.28"]
[EventType "swiss"]
[EventRounds "10"]
[EventCountry "IND"]
[SourceTitle "playchess.com"]
[Source "ChessBase"]
[SourceQuality "1"]
[TimeControl "5400+30"]

1. d4 {[%emt 0:00:00]} Nf6 {[%emt 0:00:00]} 2. c4 {[%emt 0:00:00]} g6 {[%emt 0:00:00]} 3. Nc3 {[%emt 0:00:02]} d5 {[%emt 0:00:41]} 4. cxd5 {[%emt 0:00:09]} Nxd5 {[%emt 0:00:08]} 5. e4 {[%emt 0:00:04]} Nxc3 {[%emt 0:00:14]} 6. bxc3 {[%emt 0:00:06]} Bg7 {[%emt 0:00:05]} 7. Bg5 {[%emt 0:00:27]} c5 {[%emt 0:00:59]} 8. Nf3 {[%emt 0:00:18]} Nc6 {[%emt 0:00:07]} 9. Bb5 {[%emt 0:02:39]} Qa5 {[%emt 0:05:21]} 10. Bxc6+ {[%emt 0:01:20]} bxc6 {[%emt 0:02:59]} 11. O-O {[%emt 0:00:34]} Bg4 {[%emt 0:01:10]} 12. h3 {[%emt 0:06:50]} Bxf3 {[%emt 0:03:02]} 13. Qxf3 {[%emt 0:00:05]} cxd4 {[%emt 0:00:54]} 14. e5 {[%emt 0:00:14]} Qxc3 {[%emt 0:02:11]} 15. Qe4 {[%emt 0:06:28]} Qc5 {[%emt 0:03:52]} 16. Rac1 {[%emt 0:00:51]} Qd5 {[%emt 0:00:09]} 17. Qxd5 {[%emt 0:03:57]} cxd5 {[%emt 0:00:03]} 18. Rc7 {[%emt 0:00:13]} O-O {[%emt 0:05:56]} 19. Rxe7 {[%emt 0:03:58]} Rfe8 {[%emt 0:01:04]} 20. Rd1 {[%emt 0:00:07]} Bxe5 {[%emt 0:03:11]} 21. Rd7 {[%emt 0:12:20]} Rab8 {[%emt 0:12:58]} 22. Rxa7 {[%emt 0:14:47]} Ra8 {[%emt 0:01:50]} 23. Rd7 {[%emt 0:02:21]} Rxa2 {[%emt 0:00:18]} 24. Rxd5 {[%emt 0:00:07]} f6 {[%emt 0:03:07]} 25. f4 {[%emt 0:12:13]} Bb8 {[%emt 0:07:18]} 26. Bxf6 {[%emt 0:01:22]} Bxf4 {[%emt 0:00:09]} 27. Bxd4 {[%emt 0:04:40]} Ree2 {[%emt 0:00:48]} 28. Kf1 {[%emt 0:05:02]} Rxg2 {[%emt 0:01:33]} 29. Bg1 {[%emt 0:00:06]} Rg3 {[%emt 0:02:21]} 30. R5d3 {[%emt 0:01:24]} Rag2 {[%emt 0:01:13]} 31. Rxg3 {[%emt 0:06:53]} Rxg3 {[%emt 0:00:29]} 32. Bh2 {[%emt 0:00:07]} Rxh3 {[%emt 0:00:19]} 33. Rd8+ {[%emt 0:00:06]} Kf7 {[%emt 0:01:02]} 34. Bxf4 {[%emt 0:03:41]} Rf3+ {[%emt 0:01:30]} 35. Kg2 {[%emt 0:00:07]} Rxf4 {[%emt 0:00:02]} 36. Rd7+ {[%emt 0:00:12]} Kg8 {[%emt 0:00:10]} 37. Kg3 {[%emt 0:00:14]} Rf7 {[%emt 0:00:07]} 38. Rd8+ {[%emt 0:00:26]} Kg7 {[%emt 0:00:06]} 39. Kg4 {[%emt 0:00:07]} h6 {[%emt 0:00:12]} 40. Ra8 {[%emt 0:00:08]} h5+ {[%emt 0:01:11]} 41. Kg3 {[%emt 0:00:33]} Kh6 {[%emt 0:00:18]} 42. Ra6 {[%emt 0:01:52]} Kg5 {[%emt 0:00:09]} 43. Ra5+ {[%emt 0:00:15]} Rf5 {[%emt 0:00:06]} 44. Ra4 {[%emt 0:00:05]} h4+ {[%emt 0:01:23]} 45. Kh3 {[%emt 0:01:03]} Rf3+ {[%emt 0:00:07]} 46. Kg2 {[%emt 0:00:16]} Rf4 {[%emt 0:00:12]} 47. Ra6 {[%emt 0:00:10]} Kh5 {[%emt 0:00:20]} 48. Rb6 {[%emt 0:05:59]} g5 {[%emt 0:00:10]} 49. Kh3 {[%emt 0:02:16]} Rf3+ {[%emt 0:01:01]} 50. Kg2 {[%emt 0:00:12]} Kg4 {[%emt 0:00:10]} 51. Rb4+ {[%emt 0:01:58]} Rf4 {[%emt 0:00:08]} 52. Rb3 {[%emt 0:00:15]} h3+ {[%emt 0:00:32]} 53. Kh2 {[%emt 0:06:13]} Rf2+ {[%emt 0:00:09]} 54. Kg1 {[%emt 0:00:25]} Rf3 {[%emt 0:00:14]} 55. Rb1 {[%emt 0:00:11]} Kg3 {[%emt 0:00:38]} 56. Rd1 {[%emt 0:00:25]} g4 {[%emt 0:00:28]} 57. Ra1 {[%emt 0:00:10]} Kh4 {[%emt 0:02:45]} 58. Ra4 {[%emt 0:00:18]} Kg5 {[%emt 0:01:03]} 59. Ra5+ {[%emt 0:00:27]} Rf5 {[%emt 0:00:13]} 60. Ra8 {[%emt 0:00:20]} g3 {[%emt 0:01:17]} 61. Ra4 {[%emt 0:01:28]} h2+ {[%emt 0:01:08]} 62. Kg2 {[%emt 0:00:07]} Rf2+ {[%emt 0:01:08]} 63. Kxg3 {[%emt 0:00:21]} h1=Q {[%emt 0:00:33]} 64. Kxf2 {[%emt 0:00:56]} Qd1 {[%emt 0:00:13]} 65. Re4 {[%emt 0:00:32]} Qd3 {[%emt 0:00:30]} 66. Re3 {[%emt 0:00:11]} Qd4 {[%emt 0:00:11]} 67. Kf3 {[%emt 0:00:17]} Kf5 {[%emt 0:00:22]} 68. Ke2 {[%emt 0:01:12]} Kf4 {[%emt 0:00:11]} 69. Rf3+ {[%emt 0:00:14]} Ke4 {[%emt 0:00:10]} 70. Rg3 {[%emt 0:00:22]} Qb2+ {[%emt 0:00:18]} 71. Kf1 {[%emt 0:00:08]} Qh2 {[%emt 0:00:18]} 72. Rg2 {[%emt 0:00:58]} Qh3 {[%emt 0:00:09]} 73. Kg1 {[%emt 0:00:06]} Qe3+ {[%emt 0:02:33]} 74. Kh1 {[%emt 0:00:30]} Qe1+ {[%emt 0:00:35]} 75. Kh2 {[%emt 0:00:06]} Kf3 {[%emt 0:00:32]} 76. Rc2 {[%emt 0:01:41]} Qh4+ {[%emt 0:01:19]} 77. Kg1 {[%emt 0:00:06]} Qd4+ {[%emt 0:00:54]} 78. Kh2 {[%emt 0:00:11]} Qd6+ {[%emt 0:00:08]} 0-1

[Event "2nd Kalyan Dombivali 2019"]
[Site "Kalyan"]
[Date "2019.02.02"]
[Round "9"]
[White "Awade Pradeep"]
[Black "Satkar, Chirag"]
[Result "0-1"]
[WhiteElo "1538"]
[BlackElo "2071"]
[Annotator "NA RC"]
[PlyCount "100"]
[EventDate "2019.01.28"]
[EventType "swiss"]
[EventRounds "10"]
[EventCountry "IND"]
[SourceTitle "playchess.com"]
[Source "ChessBase"]
[SourceQuality "1"]
[TimeControl "5400+30"]

{[%evp 16,77,-33,-70,-50,-94,-13,-22,-16,-26,-19,-24,-19,-47,-54,-59,-47,-28,-34,-43,32767,-61,-92,32767,-83,-53,-66,32767,-2,-39,-38,32767,-68,-107,-101,-119,-110,-121,32767,-128,-124,-123,-117,-161,-161,-159,32767,32767,32767,-191,-200,32767,32767,32767,32767,32767,-299,32767,32767,32767,32767,-303,32767,-304]} 1. Nf3 {[%emt 0:00:07]} Nf6 {[%emt 0:10:24]} 2. g3 {[%emt 0:00:32]} g6 {[%emt 0:02:15]} 3. Bg2 {[%emt 0:00:02]} Bg7 {[%emt 0:00:16]} 4. O-O {[%emt 0:00:10]} O-O {[%emt 0:00:26]} 5. d3 {[%emt 0:00:13]} c5 {[%emt 0:04:06]} 6. Nc3 {[%emt 0:01:38] A05: Réti Opening: 1 Nf3 Nf6} (6. c4 Nc6 7. Nc3 a6 8. d4 cxd4 9. Nxd4 Nxd4 10. Qxd4 d6 11. Qh4 Rb8 12. Bg5 Be6 13. Rfd1 Qb6 14. Na4 Qa5 15. b3 b5 {1-0 (89) Onischuk,V (2637)-Vovk,A (2634) Zhitomir 2017}) 6... Nc6 {[%emt 0:02:04]} 7. Nh4 {[%emt 0:04:21]} d5 {[%emt 0:02:42]} 8. h3 $146 {[%emt 0:02:19]} ({Predecessor:} 8. Bg5 d4 9. Bxf6 exf6 10. Na4 Qd6 11. c4 f5 12. Qd2 Bd7 13. b3 Rae8 {0-1 (43) Weindl,A (2380)-Schaufelberger,H (2300) Biel 1990}) 8... b6 {[%emt 0:14:51]} 9. Rb1 {[%emt 0:07:04]} Bb7 {[%emt 0:01:11]} 10. Bg5 {[%emt 0:00:24]} ({White should play} 10. e4 $15) 10... h6 {[%emt 0:14:02]} (10... d4 $17 11. Nb5 a6) 11. Bxf6 {[%emt 0:01:30]} Bxf6 {[%emt 0:00:53]} 12. Nxd5 {[%emt 0:11:02]} Bxh4 {[%emt 0:01:20]} 13. gxh4 {[%emt 0:01:43]} e6 {[%emt 0:00:51]} 14. Nc3 {[%emt 0:00:13]} Qxh4 {[%emt 0:00:22]} 15. e3 {[%emt 0:00:29]} Rad8 {[%emt 0:02:26]} 16. Qg4 {[%emt 0:00:44]} Qe7 {[%emt 0:05:14]} 17. f4 {[%emt 0:00:29]} Kh7 {[%emt 0:02:12]} 18. a3 {[%emt 0:04:02]} f5 {[%emt 0:04:55]} 19. Qg3 {[%emt 0:02:08] [#]} g5 $1 {[%emt 0:01:09]} 20. Kh2 {[%emt 0:07:59]} Rg8 {[%emt 0:01:43]} 21. Rg1 {[%emt 0:00:19]} gxf4 {[%emt 0:04:09]} (21... Rg7 $15) 22. Qxf4 {[%emt 0:00:42]} Rg5 $1 {[%emt 0:06:04]} 23. Bxc6 {[%emt 0:07:42]} Bxc6 {[%emt 0:00:19]} 24. Rxg5 {[%emt 0:02:33]} hxg5 {[%emt 0:00:22]} 25. Qe5 {[%emt 0:00:26]} Kg6 {[%emt 0:05:14]} 26. Rg1 {[%emt 0:00:54]} Qf6 {[%emt 0:01:41]} 27. Qxf6+ {[%emt 0:04:34]} Kxf6 {[%emt 0:00:01]} 28. Kg3 {[%emt 0:00:51]} Rh8 {[%emt 0:01:38]} 29. Rf1 {[%emt 0:01:04] [#]} e5 $1 {[%emt 0:01:23]} 30. e4 {[%emt 0:06:43]} f4+ {[%emt 0:00:31]} 31. Kg2 {[%emt 0:00:23]} Ke6 {[%emt 0:04:06]} 32. Ne2 {[%emt 0:08:08] [#]} (32. b3 $17) 32... c4 $19 {[%emt 0:01:13]} 33. Ng1 {[%emt 0:02:21]} cxd3 {[%emt 0:00:32]} 34. cxd3 {[%emt 0:00:01]} Rd8 {[%emt 0:01:42]} 35. Nf3 {[%emt 0:00:04]} Rxd3 {[%emt 0:02:10]} 36. Nxg5+ {[%emt 0:00:03]} Kf6 {[%emt 0:00:09]} 37. h4 {[%emt 0:00:12]} Re3 {[%emt 0:00:33]} 38. Rc1 {[%emt 0:03:21]} Bxe4+ {[%emt 0:00:36]} 39. Nxe4+ {[%emt 0:00:16]} Rxe4 {[%emt 0:00:01]} 40. Rc7 {[%emt 0:01:39]} Re2+ {[%emt 0:01:36]} 41. Kf3 {[%emt 0:00:09]} Rxb2 {[%emt 0:00:34]} 42. Rxa7 {[%emt 0:00:07]} Rb3+ {[%emt 0:00:31]} 43. Kf2 {[%emt 0:01:34]} Kf5 {[%emt 0:00:35]} 44. a4 {[%emt 0:00:47]} Rb2+ {[%emt 0:00:36]} 45. Kf1 {[%emt 0:00:26]} e4 {[%emt 0:00:57]} 46. a5 {[%emt 0:02:39]} bxa5 {[%emt 0:00:27]} 47. Rxa5+ {[%emt 0:00:01]} Kg4 {[%emt 0:00:13]} 48. h5 {[%emt 0:01:40]} Rh2 {[%emt 0:00:36]} 49. Re5 {[%emt 0:00:35]} Rxh5 {[%emt 0:00:28]} 50. Rxe4 {[%emt 0:00:39]} Kf3 {[%emt 0:00:02]} 0-1

[Event "2nd Kalyan Dombivali 2019"]
[Site "Kalyan"]
[Date "2019.02.02"]
[Round "9"]
[White "Pednekar Ayush"]
[Black "Shreyas Ghadi"]
[Result "1/2-1/2"]
[WhiteElo "1501"]
[BlackElo "1653"]
[Annotator "NA"]
[PlyCount "83"]
[EventDate "2019.01.28"]
[EventType "swiss"]
[EventRounds "10"]
[EventCountry "IND"]
[SourceTitle "playchess.com"]
[Source "ChessBase"]
[SourceQuality "1"]
[TimeControl "5400+30"]

1. d4 {[%emt 0:00:00]} e6 {[%emt 0:00:00]} 2. Nf3 {[%emt 0:00:00]} Nf6 {[%emt 0:00:00]} 3. Bg5 {[%emt 0:00:46]} Be7 {[%emt 0:00:55]} 4. Nbd2 {[%emt 0:02:00]} d5 {[%emt 0:00:19]} 5. e3 {[%emt 0:00:31]} O-O {[%emt 0:00:21]} 6. Bd3 {[%emt 0:00:29]} b6 {[%emt 0:01:21]} 7. Ne5 {[%emt 0:08:34]} h6 {[%emt 0:01:28]} 8. h4 {[%emt 0:03:19]} Bb7 {[%emt 0:04:21]} 9. Bxf6 {[%emt 0:07:03]} Bxf6 {[%emt 0:00:09]} 10. Qh5 {[%emt 0:01:11]} Bxe5 {[%emt 0:11:20]} 11. dxe5 {[%emt 0:00:01]} f5 {[%emt 0:00:02]} 12. g4 {[%emt 0:22:08]} Qe8 {[%emt 0:06:08]} 13. Qxe8 {[%emt 0:00:19]} Rxe8 {[%emt 0:00:01]} 14. gxf5 {[%emt 0:10:13]} exf5 {[%emt 0:01:17]} 15. f4 {[%emt 0:00:32]} Rf8 {[%emt 0:02:35]} 16. Nf1 {[%emt 0:07:39]} Ba6 {[%emt 0:00:52]} 17. Ng3 {[%emt 0:01:20]} Bxd3 {[%emt 0:00:19]} 18. cxd3 {[%emt 0:00:01]} Na6 {[%emt 0:13:40]} 19. Rg1 {[%emt 0:09:26]} Rad8 {[%emt 0:00:28]} 20. Nh5 {[%emt 0:02:54]} Rf7 {[%emt 0:00:44]} 21. Kd2 {[%emt 0:01:38]} Kh7 {[%emt 0:02:57]} 22. d4 {[%emt 0:01:24]} c5 {[%emt 0:03:22]} 23. Rg2 {[%emt 0:00:36]} Nc7 {[%emt 0:00:11]} 24. Rag1 {[%emt 0:04:15]} Ne6 {[%emt 0:00:26]} 25. Rg6 {[%emt 0:01:10]} Re8 {[%emt 0:01:42]} 26. Kd3 {[%emt 0:00:09]} Kh8 {[%emt 0:01:37]} 27. b3 {[%emt 0:01:46]} Kh7 {[%emt 0:01:38]} 28. R1g2 {[%emt 0:02:49]} a6 {[%emt 0:02:21]} 29. Rg1 {[%emt 0:00:08]} Rfe7 {[%emt 0:02:07]} 30. R1g3 {[%emt 0:04:30]} Rf7 {[%emt 0:00:39]} 31. Rg1 {[%emt 0:00:12]} Rfe7 {[%emt 0:00:08]} 32. R1g3 {[%emt 0:00:09]} Rf7 {[%emt 0:00:04]} 33. Rg1 {[%emt 0:00:01]} Rfe7 34. Rxe6 Rxe6 35. Nxg7 Rg8 36. Nxe6 Rxg1 37. dxc5 bxc5 38. Nxc5 Ra1 39. Kd4 Rh1 40. Kxd5 Kg7 41. e6 {Kf7 Ke5+ Ke7 Kxf5} Rxh4 42. Nxa6 1/2-1/2

[Event "2nd Kalyan Dombivali 2019"]
[Site "Kalyan"]
[Date "2019.02.02"]
[Round "9"]
[White "Thube, Nimish"]
[Black "Chhabra Aakash"]
[Result "0-1"]
[WhiteElo "1462"]
[BlackElo "1619"]
[Annotator "NA RC"]
[PlyCount "80"]
[EventDate "2019.01.28"]
[EventType "swiss"]
[EventRounds "10"]
[EventCountry "IND"]
[SourceTitle "playchess.com"]
[Source "ChessBase"]
[SourceQuality "1"]
[TimeControl "5400+30"]

1. e4 {[%emt 0:00:00]} e6 {[%emt 0:00:00]} 2. d4 {[%emt 0:00:00]} d5 {[%emt 0:00:00]} 3. exd5 {[%emt 0:00:05]} exd5 {[%emt 0:00:00]} 4. Bd3 {[%emt 0:00:36]} Bd6 {[%emt 0:00:35]} 5. c3 {[%emt 0:00:35]} Nf6 {[%emt 0:00:06]} 6. Bg5 {[%emt 0:00:25]} O-O {[%emt 0:00:09]} 7. Ne2 {[%emt 0:00:53]} Bg4 {[%emt 0:01:04]} 8. O-O {[%emt 0:00:24]} Nbd7 {[%emt 0:00:50]} 9. Qc2 {[%emt 0:00:55]} Bxe2 {[%emt 0:01:25]} 10. Bxe2 {[%emt 0:00:30]} c6 {[%emt 0:00:18]} 11. Nd2 {[%emt 0:00:27]} Qc7 {[%emt 0:00:55]} 12. h3 {[%emt 0:01:30]} Rfe8 {[%emt 0:00:43]} 13. Rfe1 {[%emt 0:00:19]} h6 {[%emt 0:00:31]} 14. Be3 {[%emt 0:00:17]} Ne4 {[%emt 0:00:35]} 15. Nxe4 {[%emt 0:03:15]} dxe4 {[%emt 0:00:42]} 16. Qd2 {[%emt 0:03:59]} Rad8 {[%emt 0:08:36]} 17. Bc4 {[%emt 0:01:28]} b5 {[%emt 0:01:30]} 18. Bb3 {[%emt 0:00:26]} Nb6 {[%emt 0:00:28]} 19. Rac1 {[%emt 0:00:24]} Nd5 {[%emt 0:01:22]} 20. c4 {[%emt 0:01:45]} Bb4 {[%emt 0:02:02]} 21. Qc2 {[%emt 0:02:12]} bxc4 {[%emt 0:00:37]} 22. Bxc4 {[%emt 0:04:05]} Bxe1 {[%emt 0:00:08]} 23. Rxe1 {[%emt 0:01:59]} Qd6 {[%emt 0:01:51]} 24. a3 {[%emt 0:01:54]} Kh8 {[%emt 0:00:59]} 25. Bd2 {[%emt 0:08:21]} f5 {[%emt 0:00:50]} 26. Ba5 {[%emt 0:04:53]} Rd7 {[%emt 0:07:55]} 27. Bd2 {[%emt 0:05:49]} Rde7 {[%emt 0:06:52]} 28. Qc1 {[%emt 0:02:04]} Re6 {[%emt 0:02:48]} 29. Qd1 {[%emt 0:11:25]} e3 {[%emt 0:07:27]} 30. Ba5 {[%emt 0:06:26]} exf2+ {[%emt 0:00:50]} 31. Kxf2 {[%emt 0:00:09]} Qf4+ {[%emt 0:00:44]} 32. Kg1 {[%emt 0:00:24]} Rxe1+ {[%emt 0:00:50]} 33. Bxe1 {[%emt 0:00:21]} Rxe1+ {[%emt 0:00:42]} 34. Qxe1 {[%emt 0:01:41]} Qxd4+ {[%emt 0:00:08]} 35. Kh1 {[%emt 0:00:27]} Qxc4 {[%emt 0:00:10]} 36. Qe8+ {[%emt 0:00:12]} Kh7 {[%emt 0:00:06]} 37. Qe6 {[%emt 0:00:10]} Qc1+ {[%emt 0:00:12]} 38. Kh2 {[%emt 0:00:14]} Qf4+ {[%emt 0:00:10]} 39. Kh1 {[%emt 0:00:23]} Qe4 {[%emt 0:00:37]} 40. Qxc6 {[%emt 0:00:17]} Ne3 {[%emt 0:00:12]} 0-1